[Event "World Chess Candidates 2018"]
[Site "Berlin"]
[Date "2018.03.26"]
[Round "13"]
[White "Caruana, Fabiano"]
[Black "Aronian, Levon"]
[Result "1-0"]
[WhiteElo "2784"]
[BlackElo "2794"]
[PlyCount "77"]
[EventDate "2018.??.??"]
[EventType "tourn"]
[EventCountry "GER"]
[SourceTitle "playchess.com"]
[Source "ChessBase"]
[SourceQuality "1"]

1. e4 e5 2. Nf3 Nc6 3. Bb5 a6 4. Ba4 Nf6 5. O-O Be7 6. Re1 b5 7. Bb3 O-O 8. d3
d6 9. Bd2 Bg4 (9... Kh8 10. h3 Nd7 11. Nc3 Na5 12. Nd5 Nxb3 13. axb3 Bb7 14. c4
f5 15. Ba5 Rc8 16. Rc1 bxc4 17. bxc4 fxe4 18. dxe4 Nc5 19. Bc3 Qe8 20. b4 Ne6
21. Bd2 c6 22. Nxe7 Qxe7 23. Be3 c5 24. bxc5 Nxc5 25. Bxc5 Rxc5 26. Nd2 Bc8 27.
Nf1 Be6 28. Ne3 Rc6 29. Qa4 Rfc8 30. Rb1 h6 31. Rb8 Rxc4 32. Rxc8+ Rxc8 33.
Qxa6 Qc7 34. Rd1 Rd8 35. Qd3 Qc5 36. Kh2 Qc7 37. Kg1 Qc5 38. Rd2 Qc7 39. Qa3
Qe7 40. Rd1 Kh7 41. Qb4 Qc7 42. Rd3 Kg8 43. Qd2 Qe7 44. Kh2 Qf8 45. Kg1 Qe7 46.
Qd1 Kh7 47. Rd2 Qf8 48. Rd3 Qe7 49. Rd2 Qf8 50. Nf1 Rd7 51. Ng3 Qb8 52. Kh2 Qf8
53. Kg1 Qb8 54. Kh2 Qf8 {1/2-1/2 (54) Grischuk,A (2767)-Aronian,L (2794)
Berlin 2018}) 10. c3 (10. h3 Bxf3 11. Qxf3 Nd4 12. Qd1 a5 13. c3 Nxb3 14. axb3
Nd7 15. Na3 c6 16. Be3 Qb8 17. Nc2 d5 18. Qg4 Nf6 19. Qf3 dxe4 20. dxe4 Qc8 21.
b4 axb4 22. cxb4 Qe6 23. Bg5 Rfd8 24. Rac1 Ra2 25. Bxf6 Bxf6 26. Qc3 Ra6 27.
Rcd1 g6 28. Ne3 Rd4 29. Ng4 Bg7 30. Ra1 Rxa1 31. Rxa1 h5 32. Nh2 Rxe4 33. Nf3
Bf6 34. Ra8+ Kg7 35. Qc5 Be7 36. Qb6 Qd6 37. Qb7 Rc4 38. g3 Qd1+ 39. Kg2 Rc1
40. g4 Qh1+ {0-1 (40) Calzetta Ruiz,M (2317)-Atalik,E (2393) Turin 2006}) 10...
d5 11. h3 Bh5 $6 12. Qe2 Rb8 13. Bg5 dxe4 14. dxe4 h6 15. Bc1 Bg6 16. Nbd2 Nh5
17. Nf1 Bc5 18. g3 Kh7 19. Kg2 Qe7 20. Bc2 Rfd8 21. b4 Bb6 22. a4 Nf6 23. Nh4 (
23. axb5 axb5 24. Qxb5 Bxf2 25. Qxc6 Bxe1 26. Nxe1 Rd6 27. Qc4 Qd7) 23... Qe6
24. Bd3 Bh5 25. g4 Bxg4 26. hxg4 Nxg4 27. Nf5 Nxf2 28. Bc2 g6 29. N1e3 (29. a5
$1 Ba7 30. N1e3 $18) 29... gxf5 30. exf5 $1 (30. Nxf5 $4 Rg8+ 31. Kf1 Nh3 32.
Be3 Nf4 33. Qh2 Qc4+ 34. Re2 Rg6 $19) 30... Qf6 $1 (30... Rg8+ $2 31. Kf1 Qf6
32. Qxf2 $18) 31. Qxf2 e4 $2 (31... Nxb4 32. cxb4 Rd4) 32. Rh1 (32. Bxe4 $18)
32... Rd6 33. Bxe4 Rg8+ 34. Kf1 Ne5 35. Qf4 c6 36. axb5 Rg5 37. bxa6 Qd8 38.
f6+ Ng6 39. Rxh6+ (39. Rxh6+ Kxh6 40. Ng4+ Kh7 41. Qxg5 {[%csl Rh7][%cal Yg5h6,
Yh6g7]}) 1-0

[Event "World Chess Candidates 2018"]
[Site "Berlin"]
[Date "2018.03.26"]
[Round "13"]
[White "Mamedyarov, Shakhriyar"]
[Black "Grischuk, Alexander"]
[Result "1-0"]
[WhiteElo "2809"]
[BlackElo "2767"]
[PlyCount "77"]
[EventDate "2018.??.??"]
[EventType "tourn"]
[EventCountry "GER"]
[SourceTitle "playchess.com"]
[Source "ChessBase"]
[SourceQuality "1"]

1. d4 Nf6 2. Nf3 g6 3. g3 Bg7 4. Bg2 O-O 5. O-O d5 6. c4 dxc4 7. Na3 c3 8. bxc3
c5 9. Re1 $5 (9. e3 Nc6 10. Qe2 Qa5 11. Bb2 Nd5 12. Rfc1 Bg4 13. h3 Bxf3 14.
Bxf3 Nb6 15. Rab1 cxd4 16. cxd4 e5 17. Qb5 Qxb5 18. Nxb5 exd4 19. Bxc6 bxc6 20.
Nxd4 Na4 21. Ba3 c5 22. Rc4 Nb6 23. Rxc5 Bxd4 24. exd4 Rfd8 25. Rd1 Rd7 26. Bc1
Rad8 27. Be3 f6 28. Kg2 Kf7 29. g4 Nd5 30. Kf3 Nc7 31. Ra5 a6 32. h4 Rd5 33.
Rxd5 Rxd5 34. Rc1 Ne6 35. Ke4 Ra5 36. d5 Ra4+ 37. Kf3 Nd4+ 38. Bxd4 Rxd4 39.
Rc7+ Ke8 40. Rxh7 Rxd5 41. Rg7 Ra5 42. Rxg6 Kf7 43. Rh6 Kg7 44. Rh5 Ra3+ 45.
Kg2 Rxa2 46. Rc5 a5 47. Kg3 a4 48. Ra5 a3 49. Ra7+ Kg6 50. h5+ Kh6 51. Ra6 Kg7
52. h6+ Kxh6 53. Rxf6+ Kg7 54. Ra6 Ra1 55. Kf4 a2 56. Kf5 Kf7 57. g5 Kg7 58.
Ra7+ Kg8 59. Kf6 {1-0 (59) Kasparov,G (2825)-Svidler,P (2690) ICC INT 1998})
9... Nc6 10. Bb2 (10. e4 Bg4 11. Bb2 e5 12. d5 Na5 13. c4 Ne8 14. Qa4 Bd7 15.
Qc2 f6 16. Nb1 Nd6 17. Nbd2 b6 18. Bf1 Nab7 19. a4 Nf7 20. Bg2 Qc7 21. Nb3 Nbd6
22. a5 Rae8 23. axb6 axb6 24. Nbd2 f5 25. Qb3 Bc8 26. Bc3 fxe4 27. Nxe4 Nxe4
28. Rxe4 Nd6 29. Nd2 Nxe4 30. Nxe4 Bf5 31. Re1 Rb8 32. Qb2 Rfe8 33. Qd2 h6 34.
h3 Rbd8 35. Qb2 g5 36. Qe2 Qd7 37. Kh2 Ra8 38. Qb2 Ra6 39. Rb1 Rf8 40. Rd1 Re8
41. d6 Rea8 42. Rd2 Re8 43. Qb1 Be6 44. Rb2 Qd8 45. Qd3 Qd7 46. Rd2 Rd8 47. Rb2
Qf7 48. Qb1 Qa7 49. Nxc5 bxc5 50. Rb7 Qxb7 51. Qxb7 Raxd6 52. Qe4 Bf7 53. Qc2
e4 54. Bxg7 Kxg7 55. Qxe4 Rf6 56. Qe5 Rd2 57. f4 gxf4 58. gxf4 Bxc4 59. Kg3
Rd3+ 60. Kf2 Rd4 61. Be4 Bd3 62. Qe7+ Rf7 63. Qe5+ Rf6 64. Qe7+ Rf7 65. Qe5+ {
1/2-1/2 (65) Dreev,A (2662)-Esen,B (2508) Gjakova KOS 2016}) 10... Nd5 (10...
Qb6 11. Nc4 Qa6 12. Nce5 Rd8 13. e3 Be6 14. a4 Bd5 15. Ba3 Nxe5 16. Nxe5 Bxg2
17. Kxg2 Nd5 18. Qf3 Bxe5 19. dxe5 Qc4 20. Bb2 Rd7 21. a5 Rad8 22. Rac1 b5 23.
axb6 Nxb6 24. Ba3 Rd2 25. e6 fxe6 26. Qf4 Rf8 {0-1 (26) Dreev,A (2653)-Hansen,
E (2629) chess.com INT 2018}) (10... Bf5 11. Nh4 Be6 12. e4 cxd4 13. cxd4 Ne8
14. Nf3 Qb6 15. Bc3 Rd8 16. Nc2 Nd6 17. a4 Bg4 18. h3 Bxf3 19. Bxf3 Nc4 20. Rb1
Qa6 21. Be2 Qxa4 22. Nb4 Qxd1 23. Rexd1 Nxb4 24. Bxb4 Nd6 25. Bf3 b6 26. g4 f6
27. Kg2 Rc8 28. Re1 Rc7 29. e5 fxe5 30. dxe5 Nf7 31. Bd5 Kh8 32. f4 g5 33. Bxf7
Rxf7 34. f5 h5 35. f6 Bf8 36. Rbc1 Rxc1 37. Rxc1 exf6 38. e6 Bxb4 39. exf7 hxg4
40. hxg4 Kg7 41. Rc7 a5 42. Ra7 Kf8 43. Kf3 Be7 44. Ke4 Kxf7 45. Kf5 Kf8 46.
Ke6 Bc5 47. Kxf6 Bd4+ 48. Kxg5 Ke8 49. Kf5 Kf8 50. g5 Bc3 51. Kg6 b5 52. Kh7 a4
53. g6 Ke8 54. g7 Bxg7 55. Kxg7 {1-0 (55) Dreev,A (2660)-Gabrielian,A (2524)
Sochi RUS 2016}) 11. Qc2 cxd4 (11... Nb6 12. Rad1 Bf5 13. e4 Bg4 14. h3 Bxf3
15. Bxf3 Qc8 16. Bg2 e6 17. dxc5 Nd7 18. Nc4 Nce5 19. Nxe5 Bxe5 20. f4 Bg7 21.
Ba3 Nxc5 22. Qf2 b6 23. e5 Rb8 24. Rd6 Rd8 25. Bxc5 bxc5 26. Rxd8+ Qxd8 27. c4
Bf8 28. Be4 Qa5 29. Rc1 Rd8 30. Rc2 Rd4 31. Qe2 Qb4 32. Kg2 Be7 33. h4 h5 34.
Bd3 Qb7+ 35. Kf2 Qd7 36. Be4 Bd8 37. Bf3 Ba5 38. Kg2 Bb4 39. Kh3 a5 40. Kg2 a4
41. Qe3 a3 42. Be2 Qa4 43. Bd3 Qa8+ 44. Kh2 Qc6 45. Kg1 Qd7 46. Be2 Rd1+ 47.
Kg2 Rd4 48. Kf2 Qc6 49. Qf3 Qd7 50. Qe3 Kg7 51. Kg2 Qc6+ 52. Qf3 Qa4 53. Bd3
Qd7 54. Be2 Rd2 55. Qe4 Qd8 56. Kf1 Rxc2 57. Qxc2 Qd4 58. Kg2 Qe3 59. Qd3 Qc1
60. Qd8 Qc2 61. Kf3 Be1 62. Qf6+ Kg8 63. Qd8+ Kh7 64. Qd1 Qxa2 65. Qxe1 Qb3+
66. Kf2 a2 67. Qa5 Qb1 {0-1 (67) Dreev,A (2652)-Puranik,A (2509) Bastia FRA
2017}) 12. Nxd4 Nf6 $1 13. Nxc6 bxc6 14. c4 (14. Bxc6 Rb8 15. Rab1 Qa5 $44)
14... Bf5 15. Qc1 Qc7 16. Nc2 Rab8 17. Bc3 Bxc2 18. Qxc2 Ne8 19. h4 c5 20. Red1
Bxc3 21. Qxc3 Nf6 22. Bf3 h5 23. Rab1 Rxb1 24. Rxb1 Rb8 25. Rb5 Ne8 26. Qe3
Rxb5 27. cxb5 Nd6 28. a4 c4 29. Kg2 c3 30. Bc6 Qa5 31. Qc5 a6 32. e4 axb5 33.
axb5 Kh7 34. e5 Nxb5 $4 35. e6 $3 (35. Bxb5 $2 c2 36. e6 c1=Q 37. Qxc1 Qxb5 38.
exf7 Qd5+ 39. Kg1 Qxf7 $11) 35... Qa3 36. Qxb5 c2 37. exf7 Kg7 38. Be4 $1 c1=Q
39. Qe8 1-0

[Event "World Chess Candidates 2018"]
[Site "Berlin"]
[Date "2018.03.26"]
[Round "13"]
[White "So, Wesley"]
[Black "Karjakin, Sergey"]
[Result "1/2-1/2"]
[WhiteElo "2799"]
[BlackElo "2763"]
[PlyCount "77"]
[EventDate "2018.??.??"]
[EventType "tourn"]
[EventCountry "GER"]
[SourceTitle "playchess.com"]
[Source "ChessBase"]
[SourceQuality "1"]

1. d4 Nf6 2. c4 e6 3. Nc3 Bb4 4. Qc2 d5 5. a3 Bxc3+ 6. Qxc3 Ne4 7. Qc2 c5 8.
dxc5 Nc6 9. Nf3 Qa5+ 10. Bd2 Qxc5 11. e3 Nxd2 12. Nxd2 dxc4 13. b4 $5 (13. Bxc4
O-O 14. b4 Qe7 15. Bd3 (15. O-O Rd8 16. Qb2 Bd7 17. Rac1 Be8 18. Be2 Rac8 19.
Nb3 Rc7 20. h3 Rdc8 21. Bf3 b6 22. Rfd1 h6 23. g3 f6 24. Bg2 Ne5 25. Rxc7 Rxc7
26. Nd4 Ba4 27. Rc1 Kf7 28. Rxc7 Qxc7 29. Qa2 Qc4 30. Qa1 Ke7 31. Bf1 Qd5 32.
Qc3 Bc6 33. Nxc6+ Qxc6 34. Qxc6 Nxc6 35. Bb5 Ne5 36. Kf1 Nf7 37. Ke2 Nd6 38.
Bd3 e5 39. Kd2 g5 40. Kc3 Kd7 41. Bc2 Kc6 42. Bd3 Kd5 43. Kd2 Nc4+ 44. Kc3 Nd6
45. Kd2 f5 46. a4 f4 47. exf4 exf4 48. gxf4 gxf4 49. Ke2 Kd4 50. Bc2 {0-1 (50)
Ponomariov,R (2714)-Radjabov,T (2734) Beijing 2014}) 15... h6 16. Qc3 a6 17.
O-O Bd7 18. Nc4 Rab8 19. Nb6 Rfd8 20. Rac1 Be8 21. Be4 Na7 22. a4 Qd6 23. Nc4
Qe7 24. Nb6 Qd6 25. Nc4 Qe7 26. Nb6 Qd6 {1/2-1/2 (26) Giri,A (2778)-Adams,M 
(2744) London ENG 2015}) 13... Qf5 14. Qxf5 exf5 15. Bxc4 Ke7 16. Nf3 Be6 17.
Bxe6 fxe6 18. Ke2 Rhc8 19. Rhc1 Nd8 20. Ne5 Nf7 21. Nxf7 Kxf7 22. e4 Kf6 23.
Ke3 g5 24. g3 h5 25. h3 g4 26. hxg4 hxg4 27. f3 gxf3 28. Kxf3 Ke5 29. exf5 exf5
30. Re1+ Kf6 31. Rac1 Rxc1 32. Rxc1 Rd8 33. Rc7 Rd3+ 34. Kf4 Rxa3 35. Rxb7 Ra4
36. Rb5 a5 37. Rxf5+ Kg7 38. Rg5+ Kf6 39. Rf5+ 1/2-1/2

[Event "World Chess Candidates 2018"]
[Site "Berlin"]
[Date "2018.03.26"]
[Round "13"]
[White "Ding, Liren"]
[Black "Kramnik, Vladimir"]
[Result "1/2-1/2"]
[WhiteElo "2769"]
[BlackElo "2800"]
[PlyCount "94"]
[EventDate "2018.??.??"]
[EventType "tourn"]
[EventCountry "GER"]
[SourceTitle "playchess.com"]
[Source "ChessBase"]
[SourceQuality "1"]

1. c4 e6 2. Nc3 c5 3. Nf3 Nf6 4. g3 b6 5. e4 Bb7 6. d3 d6 7. Bg2 g6 8. O-O Bg7
9. Re1 O-O 10. d4 cxd4 11. Nxd4 a6 12. b3 (12. Bg5 Qc7 13. Qd2 Nbd7 14. h3 Rac8
15. Rad1 Qb8 16. Nc2 Rxc4 17. Qxd6 Qa8 18. Ne3 Rxc3 19. bxc3 Bxe4 20. h4 h6 21.
Bxf6 Nxf6 22. c4 Bxg2 23. Nxg2 b5 24. Qd3 bxc4 25. Qxc4 Rc8 26. Qd3 Nd5 27. Qf3
Qa7 28. Nf4 Rc3 29. Rd3 Rxd3 30. Nxd3 Nc3 31. a3 Nb5 32. Rb1 Qd4 33. Qa8+ Kh7
34. Qf3 e5 35. h5 e4 36. Qxf7 Qxd3 37. hxg6+ {1-0 (37) Romanishin,O (2585)
-Averkin,O (2450) Sochi 1982}) 12... Nbd7 13. Ba3 (13. Bb2 Qc7 14. Re2 Rad8 15.
Qe1 Rfe8 16. Rd1 Qb8 {1/2-1/2 (16) Gheorghiu,F (2605)-Portisch,L (2650) Moscow
1981}) 13... Nc5 14. b4 Ncd7 15. b5 Ne8 16. Rc1 Ne5 17. Qe2 axb5 18. Ndxb5 g5
$5 19. h3 $6 (19. Red1 $5 $14 {[%csl Yd6][%cal Ya3b4,Yd1d6,Yb5d6,Yb4d6]}) 19...
f5 $1 20. exf5 Bxg2 21. Kxg2 Rxa3 22. Nxa3 Qa8+ {[%csl Ra3,Ga8,Rg2][%cal Ya8g2,
Ya8a3]} 23. Qe4 Qxa3 24. fxe6 Nf6 25. Qe2 Qa8+ 26. f3 h5 27. e7 Re8 28. Ne4 g4
$1 29. hxg4 hxg4 30. fxg4 {[%csl Ge5,Gf6][%cal Ya8g2]} Nfxg4 31. Qd1 {[%csl
Ga8,Ge5,Yg2,Gg4][%cal Ya8g2,Ye8e7]} Bh6 32. Rc3 Rxe7 33. Qd5+ Qxd5 34. cxd5 Ra7
35. Re2 Nf7 36. Kh3 Nge5 37. Nxd6 Nxd6 38. Rxe5 Bg7 39. Rg5 Ne4 40. Rc8+ Kh7
41. Rh5+ Kg6 42. Rh4 Ng5+ 43. Kg2 Rxa2+ 44. Kf1 Ra1+ 45. Ke2 Ra2+ 46. Kf1 Ra1+
47. Ke2 Ra2+ 1/2-1/2

[Event "World Chess Candidates 2018"]
[Site "Berlin"]
[Date "2018.03.27"]
[Round "14"]
[White "Grischuk, Alexander"]
[Black "Caruana, Fabiano"]
[Result "0-1"]
[WhiteElo "2767"]
[BlackElo "2784"]
[PlyCount "138"]
[EventDate "2018.??.??"]
[EventType "tourn"]
[EventCountry "GER"]
[SourceTitle "playchess.com"]
[Source "ChessBase"]
[SourceQuality "1"]

1. e4 e5 2. Nf3 Nf6 3. d4 Nxe4 4. dxe5 d5 5. Nbd2 Nxd2 6. Bxd2 Be7 7. Bd3 c5 8.
c3 Nc6 9. O-O Bg4 10. Re1 Qd7 11. h3 Bh5 (11... Bf5 12. Qc2 Bxd3 13. Qxd3 O-O
14. Rad1 Qe6 15. a3 a6 16. Be3 Rad8 17. b4 cxb4 18. axb4 Rd7 19. Bd4 Re8 20.
Re3 Bd8 21. Rde1 h6 22. Kh2 Bc7 23. g3 Bd8 24. Kg2 Be7 25. R3e2 Bd8 26. Bc5 Be7
27. Nd4 Nxd4 28. Bxd4 Bf8 29. f4 Qc6 30. f5 Qc4 31. Qd2 Qc6 32. Qf4 b6 33. Qg4
a5 34. e6 fxe6 35. b5 Qxb5 36. fxe6 Rde7 37. Bf6 Qc6 38. Bxe7 Bxe7 39. Kh2 Rf8
40. Qd4 Bf6 41. Qd3 Be7 42. Rd1 Rf6 43. Qxd5 Qxc3 44. Qb5 Qf3 45. Rdd2 Rg6 46.
Qe5 a4 47. Qf4 {1-0 (47) Vallejo Pons,F (2696)-Perez Garcia,R (2426) Lugo 2009}
) 12. Bf4 Qe6 13. a3 O-O 14. b4 h6 15. Bg3 b6 16. Nd4 $5 Bxd1 17. Nxe6 fxe6 18.
Raxd1 c4 19. Bc2 b5 20. a4 a6 21. f3 Bg5 22. Bf2 Bf4 23. Bc5 Rfd8 24. Bd6 Bg3
25. Re2 g5 26. Kf1 Kf7 27. Bc7 Re8 28. Bd6 Rac8 29. Ra1 Red8 30. Bb1 Rd7 31.
Ra3 $6 d4 $1 32. axb5 axb5 33. cxd4 Nxd4 34. Rea2 Nc6 35. Be4 Bxe5 36. Bxc6
Rxd6 37. Bxb5 Rd1+ 38. Ke2 Rg1 39. Ke3 Rb1 40. Ra7+ Kf6 41. Bd7 $6 Bf4+ 42. Ke2
Rd8 43. Rc2 Rxb4 (43... Rg1 $1 44. Kf2 Rd1 45. Bc6 R8d2+ 46. Rxd2 Rxd2+ 47. Ke1
c3 48. Be4 Bg3+ 49. Kf1 c2 50. Bxc2 Rxc2 $19) 44. Bc6 c3 45. Rd7 Rc8 46. Be4 h5
47. Kd3 Rb2 48. Ke2 h4 49. Rd1 Ke5 50. Ra1 Rd8 51. Rd1 Rdb8 52. Ra1 Bd2 53. Ra6
Rd8 54. Rc6 Rb1 55. Kf2 Ra1 56. Rc4 Rd4 57. Rc8 Rb4 58. Ke2 Kf4 59. Kf2 Rbb1
60. Rf8+ Ke5 61. Bd3 Rb2 62. Ke2 Re1+ 63. Kf2 Rc1 64. Rxb2 cxb2 65. Rb8 Bc3 66.
Be4 Bd4+ 67. Ke2 Kf4 68. Rb4 e5 69. Rb7 Kg3 0-1

[Event "World Chess Candidates 2018"]
[Site "Berlin"]
[Date "2018.03.27"]
[Round "14"]
[White "Kramnik, Vladimir"]
[Black "Mamedyarov, Shakhriyar"]
[Result "1/2-1/2"]
[WhiteElo "2800"]
[BlackElo "2809"]
[PlyCount "108"]
[EventDate "2018.??.??"]
[EventType "tourn"]
[EventCountry "GER"]
[SourceTitle "playchess.com"]
[Source "ChessBase"]
[SourceQuality "1"]

1. d4 Nf6 2. Nf3 e6 3. c4 d5 4. g3 Be7 5. Bg2 O-O 6. O-O dxc4 7. Ne5 Qd6 8. Na3
Rd8 9. Naxc4 Qa6 10. Qc2 (10. b4 Nc6 11. Nxc6 bxc6 12. Na5 Nd5 13. Bd2 Bxb4 14.
Nb3 Nc3 15. Bxc3 Bxc3 16. Rc1 Ba5 17. Nc5 Qb6 18. Rb1 Bb4 19. Nd3 Rxd4 20. a3
a5 21. axb4 axb4 22. Qc2 Ba6 23. Ne5 Bb5 24. Bxc6 Bxc6 25. Nxc6 {1-0 (25)
Romanov,E (2654)-Garcia Palermo,C (2450) Groningen 2013}) (10. b3 c5 11. e3
cxd4 12. exd4 Bd7 13. Nxd7 Nbxd7 14. Bb2 Nb6 15. Qe2 Nfd5 16. Rfc1 Bf6 17. a4
Ne7 18. a5 Nxc4 19. Qxc4 Rab8 20. Qxa6 bxa6 21. Rc7 Rxb3 22. Ra2 Rd3 23. Ba3
Nd5 24. Bxd5 Rxd5 25. Bc5 h6 26. Rxa7 Bxd4 27. Bxd4 R3xd4 28. Rxa6 Rd2 29. Rxd2
Rxd2 30. h4 g6 31. Kg2 Ra2 32. Kf3 Kg7 33. Ra8 h5 34. a6 Kf6 35. Ke3 Kf5 36. a7
Ke5 {1/2-1/2 (36) Cori,J (2602)-Alvarado Diaz,A (2421) Benasque ESP 2016}) (10.
Qb3 Rxd4 11. Bf4 Nbd7 12. Rac1 c6 13. Rfd1 Rxd1+ 14. Rxd1 h6 15. e4 Nb6 16. Nd6
Bxd6 17. Rxd6 Bd7 18. g4 Qa5 19. Qd1 Be8 20. h4 g5 21. hxg5 hxg5 22. Bg3 Qxa2
23. Qd2 Qb1+ 24. Kh2 Nxe4 25. Bxe4 Qxe4 26. Qxg5+ Kf8 27. Qh6+ Kg8 28. Qg5+ Kf8
29. Rd8 Rxd8 30. Qxd8 Qh7+ 31. Bh4 Qh8 32. f4 Nd5 33. Kg3 Kg7 34. Nf3 c5 35. f5
Qf8 36. Qg5+ Kh7 37. fxe6 fxe6 38. Qe5 Bd7 39. Qh5+ Kg8 40. Qg5+ Qg7 41. Qd8+
Kh7 42. Qb8 Qxb2 43. Qd6 Qg7 44. Qxc5 Bc6 45. Qxa7 Qc7+ 46. Kf2 Nc3 47. Qd4
Ne4+ 48. Ke3 Qa5 49. Kf4 Qa3 50. Ng5+ Nxg5 51. Bxg5 Qf3+ 52. Ke5 Kg6 53. Bd8
Qe2+ 54. Kd6 e5 55. Qb6 e4 56. Qd4 Qf3 57. Qh8 Qf4+ 58. Kc5 Qe3+ 59. Kd6 Qg3+
60. Kc5 Qg1+ 61. Kd6 Qd1+ 62. Kc5 Qg1+ 63. Kd6 Qg3+ 64. Kc5 Qf2+ 65. Kd6 Qf4+
66. Kc5 Qf2+ 67. Kd6 Qg3+ {1/2-1/2 (67) So,W (2674)-Ljubojevic,L (2572)
Amsterdam 2010}) 10... Rxd4 11. Bg5 Nbd7 12. Rfd1 Rxd1+ 13. Rxd1 Nxe5 14. Nxe5
Qa5 15. Bf4 Nd5 16. Be4 g6 17. Bh6 Qc5 18. Qd2 Qb4 19. Qc2 Qc5 20. Qd3 Qd6 21.
Nc4 Qc5 22. Qf3 $5 c6 (22... Qxc4 23. Rxd5 $1 exd5 $2 24. Bxd5 {[%csl Rc4,Rf7,
Yg8][%cal Yd5f7,Yf3f7,Yf7g7,Yd5c4]}) 23. Bd3 Nf6 24. e4 e5 25. Be3 Qb4 26. Nxe5
Qxb2 27. Bf4 Be6 28. Rb1 Qxa2 29. Rxb7 Bc5 30. Kg2 (30. Bc1 Qa1 31. Qxf6 Qxc1+
32. Kg2 Rf8 33. Nxc6 Qd2 $13) 30... Re8 31. h3 Bxf2 $6 32. Qxf2 Bxh3+ 33. Kg1
Qxf2+ 34. Kxf2 Rxe5 35. Bxe5 Ng4+ 36. Kg1 Nxe5 37. Be2 Kg7 38. Rxa7 Kf6 39. Ra5
Bd7 40. Kf2 Ke6 41. Ke3 Kd6 42. Ra1 h5 43. Rd1+ Ke7 44. Kd4 f6 45. Kc5 Bh3 46.
Ra1 Bg2 47. Ra4 Ke6 48. Rd4 Nf3 49. Rd8 Ng5 $1 50. Bc4+ Ke7 51. Rg8 Nxe4+ 52.
Kxc6 Nd6+ 53. Kc5 Nxc4 54. Kxc4 Kf7 1/2-1/2

[Event "World Chess Candidates 2018"]
[Site "Berlin"]
[Date "2018.03.27"]
[Round "14"]
[White "Karjakin, Sergey"]
[Black "Ding, Liren"]
[Result "1/2-1/2"]
[WhiteElo "2763"]
[BlackElo "2769"]
[PlyCount "90"]
[EventDate "2018.??.??"]
[EventType "tourn"]
[EventCountry "GER"]
[SourceTitle "playchess.com"]
[Source "ChessBase"]
[SourceQuality "1"]

1. e4 e5 2. Nf3 Nc6 3. Bb5 a6 4. Ba4 Nf6 5. O-O Be7 6. d3 b5 7. Bb3 d6 8. a3
O-O 9. Nc3 Bg4 10. Be3 Nd4 11. Bxd4 exd4 12. Nd5 c5 13. a4 Be6 14. Nxf6+ Bxf6
15. Bxe6 fxe6 16. Qe2 Qd7 (16... e5 17. Ra2 Rf7 18. Rfa1 Rc8 19. axb5 axb5 20.
b3 c4 21. bxc4 bxc4 22. Nd2 c3 23. Nc4 Rb8 24. g3 Rfb7 25. Ra5 Be7 26. Kg2 Bf8
27. Rd5 Rb5 28. Qg4 Qf6 29. Rxb5 Rxb5 30. Qd7 Rb8 31. Ra6 Qf7 32. Qa4 h5 33.
Ra7 Qe6 34. h4 Be7 35. Qc6 Rf8 36. Qd5 Qxd5 37. exd5 Re8 38. Kf3 Kf8 39. Ke4 g6
40. Rd7 Rb8 41. Nxd6 Bxd6 42. Rxd6 Rb2 43. Kxe5 Rxc2 44. Kxd4 Kf7 45. f4 Rg2
46. Kxc3 Rxg3 47. Kd4 Rg4 48. Ke5 Rxh4 49. Rd7+ Ke8 50. Rh7 Rh1 51. Ke6 Re1+
52. Kf6 Rf1 53. Ke6 Re1+ 54. Kd6 Rf1 55. Rh8+ Kf7 56. Kc5 Rc1+ 57. Kd4 Rf1 58.
d6 Ke6 59. Rh6 Rxf4+ 60. Kc5 Rf5+ 61. Kc6 Rf6 62. Rh7 Ke5 63. Re7+ Kd4 64. Kc7
Rxd6 65. Kxd6 h4 66. Ke6 Kxd3 67. Kf6 h3 68. Kg5 h2 69. Rh7 {1-0 (69) Chandra,
A (2510)-Becerra Rivero,J (2531) chess.com INT 2018}) (16... Qc7 17. Rfd1 Rfb8
18. axb5 axb5 19. g3 Rc8 20. h4 Rxa1 21. Rxa1 c4 22. Ng5 Qe7 23. Qg4 Re8 24.
Qh5 h6 25. Ra7 Qf8 26. Rf7 hxg5 27. Rxf8+ Kxf8 28. hxg5 Bd8 29. Qh8+ Kf7 30.
g6+ {1-0 (30) Korneev,O (2550)-Vega Gutierrez,B (2155) Las Palmas ESP 2017})
17. b3 e5 (17... Qc7 18. Rfe1 Be5 19. g3 h6 20. Nh4 Qf7 21. Ng2 Bf6 22. Ra2 e5
23. Rea1 Rac8 24. axb5 axb5 25. Ra7 Rc7 26. Rxc7 Qxc7 27. Ne1 Qc6 28. Qg4 d5
29. exd5 Qxd5 30. Nf3 c4 31. bxc4 bxc4 32. Nd2 c3 33. Ne4 Qb7 34. Kg2 Kh8 35.
h4 Ra8 36. Rxa8+ Qxa8 37. Qf5 Qd5 38. Qg6 Bd8 39. Qe8+ Kh7 40. h5 Bg5 41. Kh3
Qa2 42. Nd6 {1-0 (42) Motylev,A (2687)-Eljanov,P (2732) Poikovsky RUS 2014})
18. Ra2 b4 19. Nd2 Rae8 20. Raa1 Bd8 21. g3 g5 $5 22. Nc4 Re6 23. a5 Ref6 24.
f3 h5 25. Nb6 Qf7 26. Kg2 h4 27. Nd5 $6 h3+ $1 28. Kg1 (28. Kxh3 $4 g4+ 29. Kg2
gxf3+ 30. Rxf3 Rxf3 $19) 28... Rxf3 29. g4 $1 Kg7 30. Rxf3 Qxf3 31. Qxf3 Rxf3
32. Rf1 Rxf1+ 33. Kxf1 Bxa5 34. Ne7 Kf6 35. Nf5 Ke6 36. Ng3 Bd8 37. Nh1 a5 38.
Ke2 d5 39. Nf2 Kd6 40. exd5 Kxd5 41. Ne4 Kc6 42. Kd2 Be7 43. Kc1 Kb5 44. Kb2 a4
45. Ka2 a3 1/2-1/2